| 000 | 00729cam a22002415a 4500 | ||
|---|---|---|---|
| 001 | 2486136 | ||
| 005 | 20180102151632.0 | ||
| 008 | 910219t1992 nyua frb 001 0 eng d | ||
| 020 | _a0070508143 | ||
| 020 | _a9780070508149 | ||
| 040 |
_aDLC _cDLC _dDLC _dEG-ScBUE _beng |
||
| 082 | 0 | 4 |
_a005.1 _222 _bPRE |
| 100 | 1 |
_aPressman, Roger S. _911350 |
|
| 245 | 1 | 0 |
_aSoftware engineering : _ba practitioner's approach / _cRoger S. Pressman. |
| 250 | _a3rd ed. | ||
| 260 |
_aNew York : _bMcGraw-Hill, _cc.1992. |
||
| 300 |
_axxi, 793 p. : _bill. ; _c25 cm. |
||
| 504 | _aIncludes bibliographical references and index. | ||
| 650 | 7 |
_aSoftware engineering _2BUEsh _93832 |
|
| 651 | _2BUEsh | ||
| 653 |
_bGGEN _cJanuary2018 |
||
| 942 | _2ddc | ||
| 999 |
_c25846 _d25818 |
||